<?xml version="1.0" encoding="UTF-8"?>
<record
    xmlns:xsi="http://www.w3.org/2001/XMLSchema-instance"
    xsi:schemaLocation="http://www.loc.gov/MARC21/slim http://www.loc.gov/standards/marcxml/schema/MARC21slim.xsd"
    xmlns="http://www.loc.gov/MARC21/slim">

  <leader>04232nam a2200553Ia 4500</leader>
  <controlfield tag="001">4223</controlfield>
  <controlfield tag="008">241029s9999    xx            000 0 und d</controlfield>
  <datafield tag="010" ind1=" " ind2=" ">
    <subfield code="a">3974</subfield>
  </datafield>
  <datafield tag="041" ind1=" " ind2=" ">
    <subfield code="a">Espa&#xF1;ol</subfield>
  </datafield>
  <datafield tag="082" ind1=" " ind2=" ">
    <subfield code="a">NO APLICA</subfield>
  </datafield>
  <datafield tag="245" ind1=" " ind2="0">
    <subfield code="a">Desempe&#xF1;o de los/as docentes egresados de la Universidad Aut&#xF3;noma de Santo Domingo (UASD) que laboran en los Centros Educativos del Nivel Medio Liceo Vespertino La Ci&#xE9;naga y Liceo Altagracia Gonz&#xE1;lez de Bahoruco, en torno a la planificaci&#xF3;n de las acciones, que permitan el desarrollo integral de los/as alumnos. A&#xF1;o escolar 2013-2014.</subfield>
  </datafield>
  <datafield tag="260" ind1=" " ind2=" ">
    <subfield code="a">Barahona</subfield>
  </datafield>
  <datafield tag="300" ind1=" " ind2=" ">
    <subfield code="a">127</subfield>
  </datafield>
  <datafield tag="520" ind1=" " ind2=" ">
    <subfield code="a">15</subfield>
  </datafield>
  <datafield tag="630" ind1=" " ind2=" ">
    <subfield code="a">Alumnado</subfield>
  </datafield>
  <datafield tag="630" ind1=" " ind2=" ">
    <subfield code="a">Desempe&#xF1;o Docente</subfield>
  </datafield>
  <datafield tag="630" ind1=" " ind2=" ">
    <subfield code="a">Docentes</subfield>
  </datafield>
  <datafield tag="630" ind1=" " ind2=" ">
    <subfield code="a">Egresado</subfield>
  </datafield>
  <datafield tag="650" ind1=" " ind2=" ">
    <subfield code="a">Formaci&#xF3;n Docente</subfield>
  </datafield>
  <datafield tag="690" ind1=" " ind2=" ">
    <subfield code="a">Elaborado</subfield>
  </datafield>
  <datafield tag="700" ind1=" " ind2=" ">
    <subfield code="e">asesor</subfield>
    <subfield code="a"> De la Cruz Fern&#xE1;ndez, Manuel Antonio</subfield>
  </datafield>
  <datafield tag="700" ind1=" " ind2=" ">
    <subfield code="e">autor</subfield>
    <subfield code="a">Matos Vargas, Claudia </subfield>
  </datafield>
  <datafield tag="901" ind1=" " ind2=" ">
    <subfield code="a">{"1":"Matos Vargas"}</subfield>
    <subfield code="b">{"1":"Claudia "}</subfield>
  </datafield>
  <datafield tag="902" ind1=" " ind2=" ">
    <subfield code="a">1</subfield>
  </datafield>
  <datafield tag="903" ind1=" " ind2=" ">
    <subfield code="a">{"1":" De la Cruz Fern&#xE1;ndez"}</subfield>
    <subfield code="b">{"1":"Manuel Antonio"}</subfield>
  </datafield>
  <datafield tag="904" ind1=" " ind2=" ">
    <subfield code="a">Maestr&#xED;a en</subfield>
  </datafield>
  <datafield tag="905" ind1=" " ind2=" ">
    <subfield code="a">Ense&#xF1;anza Superior</subfield>
  </datafield>
  <datafield tag="906" ind1=" " ind2=" ">
    <subfield code="a">2</subfield>
  </datafield>
  <datafield tag="907" ind1=" " ind2=" ">
    <subfield code="a">NO APLICA</subfield>
  </datafield>
  <datafield tag="908" ind1=" " ind2=" ">
    <subfield code="a">NO APLICA</subfield>
  </datafield>
  <datafield tag="909" ind1=" " ind2=" ">
    <subfield code="a">Centro Universitario Regional del Suroeste, CURSO (UASD)</subfield>
  </datafield>
  <datafield tag="910" ind1=" " ind2=" ">
    <subfield code="a">NULL</subfield>
    <subfield code="b">NULL</subfield>
  </datafield>
  <datafield tag="911" ind1=" " ind2=" ">
    <subfield code="a">["1"]</subfield>
  </datafield>
  <datafield tag="912" ind1=" " ind2=" ">
    <subfield code="a">NO APLICA</subfield>
  </datafield>
  <datafield tag="913" ind1=" " ind2=" ">
    <subfield code="a">NULL</subfield>
  </datafield>
  <datafield tag="914" ind1=" " ind2=" ">
    <subfield code="a">01 de Abril de 2014</subfield>
  </datafield>
  <datafield tag="915" ind1=" " ind2=" ">
    <subfield code="a">28/11/19 06:11</subfield>
  </datafield>
  <datafield tag="916" ind1=" " ind2=" ">
    <subfield code="a">NULL</subfield>
  </datafield>
  <datafield tag="917" ind1=" " ind2=" ">
    <subfield code="a">NULL</subfield>
  </datafield>
  <datafield tag="918" ind1=" " ind2=" ">
    <subfield code="a">NO APLICA</subfield>
  </datafield>
  <datafield tag="919" ind1=" " ind2=" ">
    <subfield code="a">["244","62","70","253"]</subfield>
  </datafield>
  <datafield tag="520" ind1=" " ind2=" ">
    <subfield code="a">Este estudio estuvo orientado por el prop&#xF3;sito general de analizar el desempe&#xF1;o de los/as docentes egresados/as de la Universidad Aut&#xF3;noma de Santo Domingo, Centro Barahona, que laboran en los Centros Educativos del Nivel Medio, Liceo Vespertino La Ci&#xE9;naga y Liceo Altagracia Gonz&#xE1;lez de Bahoruco, pertenecientes al Distrito Educativo 01-03 Barahona, en lo relativo a la planificaci&#xF3;n de las acciones a&#xFA;licas, que permiten el desarrollo integral de los/as alumnos/as, per&#xED;odo escolar 2013-2014. Como objetivos espec&#xED;ficos se plante&#xF3; determinar si la estructura de planificaci&#xF3;n realizada por los/as docentes, contiene todos los componentes establecidos por el Ministerio de Educaci&#xF3;n de la Rep&#xFA;blica Dominicana. As&#xED; como determinar el nivel de aplicaci&#xF3;n de la planificaci&#xF3;n asumida por los/las docentes egresados de la Universidad Aut&#xF3;noma de Santo Domingo, que laboran en los Liceos Vespertinos La Ci&#xE9;naga y Altagracia Gonz&#xE1;lez de Bahoruco, pertenecientes al Distrito Educativo 01-03 Barahona, entre otros.&#xA0;Este estudio es de tipo&#xA0;exploratorio,descriptivo y evaluativo; presenta un enfoque metodol&#xF3;gico cualitativo y cuantitativo en el cual se utilizan los m&#xE9;todos inductivos, deductivos y estad&#xED;sticos.Como informantes se utiliz&#xF3; el 100% de la poblaci&#xF3;n, para el Liceo Vespertino La Ci&#xE9;naga un (1) director y catorce (14) maestros&#xA0;y para el Liceo Vespertino Altagracia Gonz&#xE1;lez un (1) director y nueve (9) maestros. En total dos (2) directores y veintitr&#xE9;s (23) docentes. Esta poblaci&#xF3;n fue estudiada aplicando las t&#xE9;cnicas de las entrevistas, encuestas, an&#xE1;lisis documental y la observaci&#xF3;n. &#xA0;&#xA0;Como principales conclusiones este estudio plante&#xF3; que el 55.56 % de los/as maestros/as del Liceo Vespertino Altagracia Gonz&#xE1;lez cuenta con la planificaci&#xF3;n correspondiente al desarrollo del proceso de ense&#xF1;anza-aprendizaje. Mientras que el restante 44.44 % no la tiene; en relaci&#xF3;n al nivel de aplicaci&#xF3;n de la planificaci&#xF3;n asumida por los/las docentes es de 52.04 % en el Liceo Vespertino La Ci&#xE9;naga y 33.33 % en el Liceo Vespertino Altagracia Gonz&#xE1;lez.Como recomendaci&#xF3;n, se plante&#xF3; la preparaci&#xF3;n de talleres que conlleven al mejoramiento de la Calidad Educativa. Debido a que si no hay una buena estructuraci&#xF3;n de la planificaci&#xF3;n, y si &#xE9;sta no es ejecutada como debe ser, es dif&#xED;cil que se pueda obtener aprendizaje significativo; as&#xED; como dar seguimiento peri&#xF3;dicamente a las aulas para mejorar la pr&#xE1;ctica docente, antes que esta situaci&#xF3;n pueda llevar al deterioro del servicio de la Calidad de la Educaci&#xF3;n.</subfield>
  </datafield>
  <datafield tag="921" ind1=" " ind2=" ">
    <subfield code="a">24</subfield>
  </datafield>
  <datafield tag="922" ind1=" " ind2=" ">
    <subfield code="a">24</subfield>
  </datafield>
  <datafield tag="923" ind1=" " ind2=" ">
    <subfield code="a">0</subfield>
  </datafield>
  <datafield tag="924" ind1=" " ind2=" ">
    <subfield code="a">NO APLICA</subfield>
  </datafield>
  <datafield tag="942" ind1=" " ind2=" ">
    <subfield code="c">Tesis</subfield>
  </datafield>
  <datafield tag="999" ind1=" " ind2=" ">
    <subfield code="c">3974</subfield>
    <subfield code="d">3974</subfield>
  </datafield>
</record>
